00569nam a22001817a 450000500170000001000150001702000260003203500140005803700130007208200140008510000190009924500570011825000060017526000440018127001100022530000260033570000260036120240501172202.0 aENG-138653 a9789390897353c495.00 aEN-122185 bDBAD/PUB a495.0021 aDarbari, Nidhi aMICROREACHING AND TEACHING SKILLS/cBy Nidhi Darbari a1 aNew DelhibNeelkamal Publicationsc2021 a4764/1, 23, Ansari RoadbDaryaganj, New Delhie110002k011-23244237k9811828953mneelkamalbooks@gmail.com axvii+410p.c24cm(pbk) aNayak, AlkaeForeword